Quanto você sabe sobre Fotografia? - Statistics

Estatísticas Gerais
  • Esse quiz foi jogado 27 vezes
  • A pontuação média é 11 de 15
Estatísticas das Respostas
Questão Resposta % Correto
O que faz com que o fundo fique mais desfocado? A abertura do diafragma
100%
Aumentar a saturação é alterar: A cor
100%
Lightroom pertence a qual empresa? Adobe
100%
Uma abertura do diafragma em 1.4 Deixa o fundo mais desfocado que em 1.8
100%
Kevin se refere a: Temperatura da foto
100%
Uma cinquentinha é: Uma lente 50mm
100%
Uma foto em RAW normalmente possui um arquivo maior que JPEG Verdadeiro
100%
Para fazer um fotolivro é necessário realizar uma diagramação Verdadeiro
100%
Sebastião Salgado costuma fazer fotos: Preto e branco
67%
O que é uma lente fisheye? Uma grande angular
67%
1/180 é referente a: Velocidade do obturador
67%
Uma ferramenta muito usada para modificar o corpo da modelo no Photoshop: Dissolver
33%
Podemos duplicar até 4 camadas no Photoshop Falso
33%
Para usar o flash fora da câmera eu preciso de: Radio flash
33%
Separação de frequências serve para: Tratamento de pele
0%
Nenhum quiz correspondente encontrado
Distribuição das Pontuações
Porcentagem de Pessoas com Cada Pontuação
Percentil de Números Respondidos
Sua Pontuação Histórica
Você não jogou esse quiz